<?xml version="1.0" encoding="UTF-8"?>
<record
    xmlns:xsi="http://www.w3.org/2001/XMLSchema-instance"
    xsi:schemaLocation="http://www.loc.gov/MARC21/slim http://www.loc.gov/standards/marcxml/schema/MARC21slim.xsd"
    xmlns="http://www.loc.gov/MARC21/slim">

  <leader>01907nab a2200289 ab4500</leader>
  <controlfield tag="005">20260630064057.0</controlfield>
  <controlfield tag="008">260604b2025    sp fr poo|    0   0 spa d</controlfield>
  <controlfield tag="003"></controlfield>
  <datafield tag="040" ind1=" " ind2=" ">
    <subfield code="a">MX-MxUPN</subfield>
    <subfield code="b">spa</subfield>
    <subfield code="c">MX-MxUPN</subfield>
    <subfield code="e">aacr2</subfield>
  </datafield>
  <datafield tag="100" ind1="1" ind2=" ">
    <subfield code="a">&#xC1;lvarez Sousa, Antonio</subfield>
    <subfield code="9">60152</subfield>
  </datafield>
  <datafield tag="100" ind1="1" ind2=" ">
    <subfield code="a">Andrade Su&#xE1;rez, Mar&#xED;a</subfield>
    <subfield code="9">60153</subfield>
  </datafield>
  <datafield tag="100" ind1="1" ind2=" ">
    <subfield code="a">Caama&#xF1;o Franco, Iria</subfield>
    <subfield code="9">60154</subfield>
  </datafield>
  <datafield tag="245" ind1="1" ind2="4">
    <subfield code="a">Fake news y factores de descontento con la democracia :</subfield>
    <subfield code="b">opini&#xF3;n de los ciudadanos europeos</subfield>
    <subfield code="h">[recurso electr&#xF3;nico en l&#xED;nea]</subfield>
  </datafield>
  <datafield tag="506" ind1="0" ind2=" ">
    <subfield code="a">Acceso abierto</subfield>
  </datafield>
  <datafield tag="520" ind1="3" ind2=" ">
    <subfield code="a">En el siglo xxi, las fake news (FN) y la falta de libertad de los medios de comunicaci&#xF3;n por presiones pol&#xED;ticas y econ&#xF3;micas erosionan la satisfacci&#xF3;n de la ciudadan&#xED;a con la democracia (SWD). El descontento con la democracia (DWD) no solo est&#xE1; condicionado por las FN y por la falta de libertad de los medios, sino tambi&#xE9;n por factores sociales, econ&#xF3;micos y pol&#xED;ticos. Se emplearon datos del eurobar&#xF3;metro y se aplic&#xF3; la t&#xE9;cnica de ecuaciones estructurales generalizadas (GSEM). Los resultados se&#xF1;alan la existencia de diferencias de SWD entre los ciudadanos que pueden explicarse por los factores cl&#xE1;sicos (econ&#xF3;micos, sociales y pol&#xED;ticos) pero tambi&#xE9;n por un nuevo factor que son las FN, las cuales influyen significativamente en el DWD de forma directa y a trav&#xE9;s de otras variables como la polarizaci&#xF3;n pol&#xED;tica. </subfield>
    <subfield code="c">REIS</subfield>
  </datafield>
  <datafield tag="653" ind1=" " ind2="2">
    <subfield code="a">Fake news</subfield>
  </datafield>
  <datafield tag="650" ind1=" " ind2="2">
    <subfield code="a">Libertad de informaci&#xF3;n</subfield>
    <subfield code="9">19949</subfield>
  </datafield>
  <datafield tag="653" ind1=" " ind2="4">
    <subfield code="a">Descontento con la democraca</subfield>
  </datafield>
  <datafield tag="653" ind1=" " ind2="4">
    <subfield code="a">Crisis</subfield>
  </datafield>
  <datafield tag="653" ind1=" " ind2=" ">
    <subfield code="a">Discusi&#xF3;n pol&#xED;tica</subfield>
  </datafield>
  <datafield tag="653" ind1=" " ind2=" ">
    <subfield code="a">Modelo estado bienestar</subfield>
  </datafield>
  <datafield tag="773" ind1=" " ind2=" ">
    <subfield code="g">No. 192 (2025), p. 47-66</subfield>
    <subfield code="t">REIS: revista espa&#xF1;ola de investigaciones sociol&#xF3;gicas</subfield>
    <subfield code="x">1988-5903</subfield>
  </datafield>
  <datafield tag="856" ind1="4" ind2=" ">
    <subfield code="u">https://reis.cis.es/index.php/reis/article/view/2438</subfield>
  </datafield>
  <datafield tag="856" ind1="4" ind2=" ">
    <subfield code="u">https://reis.cis.es/index.php/reis/article/view/2438/2964</subfield>
  </datafield>
  <datafield tag="902" ind1=" " ind2=" ">
    <subfield code="a">Leonor Sotres/290626</subfield>
  </datafield>
  <datafield tag="942" ind1=" " ind2=" ">
    <subfield code="c">ART-E</subfield>
  </datafield>
  <datafield tag="952" ind1=" " ind2=" ">
    <subfield code="0">0</subfield>
    <subfield code="1">0</subfield>
    <subfield code="4">0</subfield>
    <subfield code="7">0</subfield>
    <subfield code="8">CAA</subfield>
    <subfield code="a">BCUPN50</subfield>
    <subfield code="b">BCUPN50</subfield>
    <subfield code="c">ENL</subfield>
    <subfield code="d">2026-06-29</subfield>
    <subfield code="l">0</subfield>
    <subfield code="r">2026-06-29 13:42:26</subfield>
    <subfield code="u">https://reis.cis.es/index.php/reis/article/view/2438/2964</subfield>
    <subfield code="w">2026-06-29</subfield>
    <subfield code="y">ART-E</subfield>
  </datafield>
  <datafield tag="999" ind1=" " ind2=" ">
    <subfield code="c">215473</subfield>
    <subfield code="d">215473</subfield>
  </datafield>
</record>
